[Event "WMSG Blitz 1st (Women)"]
[Site "Beijing"]
[Date "2008.10.04"]
[Round "3"]
[White "Gomes, Mary Ann"]
[Black "Tagnon, Nicole"]
[Result "1-0"]
[WhiteElo "2298"]
[BlackElo "1956"]
[PlyCount "99"]
[EventDate "2008.10.04"]
[EventType "swiss (blitz)"]
[EventRounds "11"]
[EventCountry "CHN"]
[SourceTitle "CBM 126 Extra"]
[Source "ChessBase"]
[SourceDate "2008.11.05"]
[SourceVersion "1"]
[SourceVersionDate "2008.11.05"]
[SourceQuality "1"]

1. Nf3 c5 2. c4 b6 3. g3 Bb7 4. Bg2 e6 5. 0-0 Nf6 6. b3 d6 7. Bb2 Be7 8. Nc3 a6 9. Re1 0-0 10. e4 Nbd7 11. d4 cxd4 12. Nxd4 Qc7 13. Rc1 Rac8 14. f4 Qb8 15. Kh1 Rfe8 16. g4 g6 17. f5 Bf8 18. fxe6 fxe6 19. g5 Nh5 20. Rf1 Bg7 21. Nde2 Rf8 22. Qd2 Ne5 23. Rcd1 d5 24. cxd5 Ng4 25. d6 Be5 26. Ng3 Nxg3+ 27. hxg3 Bxg3 28. Ne2 Be5 29. Bxe5 Nxe5 30. Qd4 Nf7 31. e5 Nxg5 32. d7 Bxg2+ 33. Kxg2 Qb7+ 34. Kg3 Rcd8 35. Rxf8+ Rxf8 36. Qe3 Nf7 37. Nf4 Rd8 38. Nxe6 Rxd7 39. Rxd7 Qxd7 40. Nf4 Qf5 41. e6 Qg5+ 42. Kf2 Ne5 43. Ke2 Qg4+ 44. Kd2 Qf5 45. e7 Qd7+ 46. Kc3 Qxe7 47. Qe4 Qc7+ 48. Kb2 Qc6 49. Nd5 Qf6 50. Nxf6+ 1-0

[Event "WMSG Blitz 1st (Women)"]
[Site "Beijing"]
[Date "2008.10.04"]
[Round "10"]
[White "Tagnon, Nicole"]
[Black "Borosova, Zuzana"]
[Result "0-1"]
[WhiteElo "1956"]
[BlackElo "2234"]
[PlyCount "78"]
[EventDate "2008.10.04"]
[EventType "swiss (blitz)"]
[EventRounds "11"]
[EventCountry "CHN"]
[SourceTitle "CBM 126 Extra"]
[Source "ChessBase"]
[SourceDate "2008.11.05"]
[SourceVersion "1"]
[SourceVersionDate "2008.11.05"]
[SourceQuality "1"]

1. e4 e5 2. Bc4 Nc6 3. Nf3 Bc5 4. c3 Nf6 5. d3 a6 6. 0-0 0-0 7. Bb3 d6 8. h3 Ba7 9. Nbd2 h6 10. Re1 Nh5 11. Nf1 Qf6 12. Be3 Bxe3 13. Nxe3 Ne7 14. Ng4 Bxg4 15. hxg4 Nf4 16. g3 Ne6 17. Kg2 Qg6 18. Nh4 Qg5 19. Nf5 g6 20. Nxe7+ Qxe7 21. Rh1 Kg7 22. Qd2 Rh8 23. Qe3 Raf8 24. Rh2 f5 25. gxf5 gxf5 26. exf5 Rxf5 27. Rah1 Rf6 28. Rh5 Rg6 29. Rf5 Rf8 30. Rxf8 Qxf8 31. Qf3 Qe7 32. Qxb7 Qf7 33. Rf1 Qe7 34. Qd5 Nf4+ 35. Kh2 Nxd5 36. Bxd5 Qd7 37. f4 exf4 38. gxf4 Qg4 39. Rg1 Qh4# 0-1

[Event "WMSG Blitz 1st (Women)"]
[Site "Beijing"]
[Date "2008.10.04"]
[Round "5"]
[White "Tagnon, Nicole"]
[Black "Le, Kieu Thien Kim"]
[Result "0-1"]
[WhiteElo "1956"]
[BlackElo "2291"]
[PlyCount "63"]
[EventDate "2008.10.04"]
[EventType "swiss (blitz)"]
[EventRounds "11"]
[EventCountry "CHN"]
[SourceTitle "CBM 126 Extra"]
[Source "ChessBase"]
[SourceDate "2008.11.05"]
[SourceVersion "1"]
[SourceVersionDate "2008.11.05"]
[SourceQuality "1"]

1. e4 Nf6 2. e5 Nd5 3. d4 d6 4. Bc4 Nb6 5. Bb3 e6 6. Nf3 Be7 7. 0-0 0-0 8. Qe2 Nc6 9. Rd1 Na5 10. c4 Nxb3 11. axb3 Bd7 12. Nc3 h6 13. Be3 Bc6 14. b4 d5 15. b5 Bd7 16. c5 Nc4 17. Bf4 c6 18. b3 Na5 19. Rdb1 b6 20. cxb6 axb6 21. bxc6 Bxc6 22. Na4 Nxb3 23. Rxb3 Bxa4 24. Rb2 Qb8 25. Rab1 b5 26. Ne1 b4 27. Nd3 Bb5 28. Qd2 Bxd3 29. Qxd3 Qb6 30. Bd2 Ra4 31. Rxb4 Rxb4 32. Bxb4 0-1

[Event "WMSG Blitz 1st (Women)"]
[Site "Beijing"]
[Date "2008.10.04"]
[Round "4"]
[White "Tagnon, Nicole"]
[Black "Schuurman, Petra"]
[Result "0-1"]
[WhiteElo "1956"]
[BlackElo "2324"]
[PlyCount "30"]
[EventDate "2008.10.04"]
[EventType "swiss (blitz)"]
[EventRounds "11"]
[EventCountry "CHN"]
[SourceTitle "CBM 126 Extra"]
[Source "ChessBase"]
[SourceDate "2008.11.05"]
[SourceVersion "1"]
[SourceVersionDate "2008.11.05"]
[SourceQuality "1"]

1. e4 c6 2. d4 d5 3. Nc3 dxe4 4. Nxe4 Bf5 5. Ng3 Bg6 6. Nf3 Nd7 7. Be2 Ngf6 8. 0-0 Qc7 9. Bd3 e6 10. Qe2 Bd6 11. Nh4 0-0-0 12. c4 c5 13. f4 Bxd3 14. Qxd3 cxd4 15. Qxd4 Bc5 0-1

[Event "WMSG Blitz 1st (Women)"]
[Site "Beijing"]
[Date "2008.10.04"]
[Round "8"]
[White "Tagnon, Nicole"]
[Black "Zenyuk, Iryna"]
[Result "0-1"]
[WhiteElo "1956"]
[BlackElo "2237"]
[PlyCount "64"]
[EventDate "2008.10.04"]
[EventType "swiss (blitz)"]
[EventRounds "11"]
[EventCountry "CHN"]
[SourceTitle "CBM 126 Extra"]
[Source "ChessBase"]
[SourceDate "2008.11.05"]
[SourceVersion "1"]
[SourceVersionDate "2008.11.05"]
[SourceQuality "1"]

1. e4 c5 2. Nf3 e6 3. d4 cxd4 4. Nxd4 Nc6 5. Nc3 Qc7 6. Be2 Nf6 7. 0-0 Bb4 8. Ncb5 Qb8 9. a3 Be7 10. Kh1 a6 11. Nc3 0-0 12. f4 d6 13. Bf3 Bd7 14. Nb3 Rd8 15. Qe2 Qc7 16. Be3 b5 17. g4 b4 18. Na4 Rdb8 19. g5 Ne8 20. Rad1 bxa3 21. bxa3 Na5 22. Nb6 Rxb6 23. Nxa5 Rb5 24. Nb3 Rc8 25. Nd4 Ra5 26. Qg2 Rxa3 27. Bd2 e5 28. fxe5 dxe5 29. Nf5 Bf8 30. Bc1 Rc3 31. Nh6+ gxh6 32. gxh6+ Kh8 0-1

[Event "FRA-chT N1"]
[Site "France"]
[Date "2005.05.07"]
[Round "10.9"]
[White "Tagnon, Nicole"]
[Black "Le Diouron, Aurelie"]
[Result "0-1"]
[WhiteElo "2003"]
[BlackElo "2012"]
[PlyCount "128"]
[EventDate "2005.05.05"]
[EventType "team-tourn"]
[EventRounds "11"]
[EventCountry "FRA"]
[SourceTitle "EXT 2006"]
[Source "ChessBase"]
[SourceDate "2005.11.24"]
[SourceVersion "1"]
[SourceVersionDate "2005.11.24"]
[SourceQuality "1"]

1. e4 e5 2. Bc4 Nf6 3. d3 Nc6 4. Nf3 Be7 5. 0-0 0-0 6. Re1 d6 7. c3 Na5 8. Bb5 a6 9. Ba4 b5 10. Bc2 c5 11. Nbd2 Nc6 12. Nf1 Qc7 13. Bg5 Be6 14. Ne3 h6 15. Bh4 Rad8 16. Bg3 b4 17. Qc1 Qa5 18. Bb3 Bxb3 19. axb3 Qb5 20. c4 Qb7 21. Nf5 Nh7 22. h4 Bf6 23. Qd2 Ne7 24. Ne3 Rfe8 25. Nh2 Ng6 26. Nf5 Ne7 27. Nxe7+ Bxe7 28. Ng4 Nf6 29. Ne3 g6 30. Nd5 Nxd5 31. exd5 Bf8 32. f4 exf4 33. Bxf4 Kh7 34. Rf1 Bg7 35. Kh1 Qe7 36. g3 Ra8 37. Rae1 Qd7 38. Kg2 a5 39. Rxe8 Rxe8 40. Ra1 Qg4 41. Re1 Rxe1 42. Qxe1 Qd7 43. Qe2 Qd8 44. Qd2 Qe7 45. Qf2 g5 46. hxg5 hxg5 47. Bc1 Kg6 48. g4 Qe5 49. Qf3 f5 50. gxf5+ Qxf5 51. Qe2 Be5 52. Be3 g4 53. Bc1 Qh5 54. Qe4+ Kf6 55. Bf4 Qh3+ 56. Kf2 g3+ 57. Ke2 Qh2+ 58. Kd1 Qg1+ 59. Kc2 Qf2+ 60. Bd2 g2 61. Qh7 g1Q 62. Qh8+ Qg7 63. Qd8+ Kg6 64. Qg5+ Kf7 0-1

[Event "FRA-chT N1"]
[Site "France"]
[Date "2005.05.06"]
[Round "9.9"]
[White "Delorme, Laurie"]
[Black "Tagnon, Nicole"]
[Result "1/2-1/2"]
[WhiteElo "2036"]
[BlackElo "2003"]
[PlyCount "146"]
[EventDate "2005.05.05"]
[EventType "team-tourn"]
[EventRounds "11"]
[EventCountry "FRA"]
[SourceTitle "EXT 2006"]
[Source "ChessBase"]
[SourceDate "2005.11.24"]
[SourceVersion "1"]
[SourceVersionDate "2005.11.24"]
[SourceQuality "1"]

1. e4 c5 2. Nf3 e6 3. d4 cxd4 4. Nxd4 a6 5. Bd3 Qc7 6. 0-0 Nf6 7. c4 Nc6 8. Be3 Ne5 9. f3 Bd6 10. h3 Nxc4 11. Bxc4 Qxc4 12. Nf5 exf5 13. Qxd6 fxe4 14. Bc5 Qe6 15. Nc3 Qxd6 16. Bxd6 b5 17. fxe4 Bb7 18. Rae1 Rc8 19. a4 bxa4 20. Nxa4 Rc4 21. Nc5 Bc6 22. e5 Nh5 23. Rc1 Rxc1 24. Rxc1 Nf4 25. Rc2 Nd5 26. Nxa6 f6 27. b4 Kf7 28. exf6 gxf6 29. Nc7 Ne3 30. Re2 Nf5 31. Bf4 Nd4 32. Rd2 Ne6 33. Nxe6 Kxe6 34. g3 Ra8 35. Rd6+ Ke7 36. Rd2 Ra1+ 37. Kf2 Rb1 38. Re2+ Kf7 39. Bd6 Kg6 40. h4 Rb3 41. Rc2 Rd3 42. Bf4 Rf3+ 43. Ke1 Rb3 44. Rc4 Kf7 45. Kd2 Ke6 46. Kc2 Rf3 47. Rc5 Ba4+ 48. Kc1 Rb3 49. Rh5 Rxb4 50. Rxh7 Rc4+ 51. Kd2 Rc8 52. Rh5 Rc2+ 53. Kd3 Rh2 54. Ke3 Rh1 55. Kf2 Bc6 56. Rh6 Kf5 57. Bc7 Rh2+ 58. Ke3 Rh3 59. Kd4 Bf3 60. Kc5 Bc6 61. Bf4 Rh1 62. Kd6 Re1 63. Kc7 Re6 64. Rh5+ Kg6 65. Rh8 Kg7 66. Rh6 Re4 67. Rh5 Kg6 68. Ra5 f5 69. Kd6 Re6+ 70. Kc5 Be4 71. Rb5 Bc6 72. Rb8 Re7 73. Bg5 Re5+ 1/2-1/2

[Event "FRA-chT2 0304"]
[Site "France"]
[Date "2004.04.04"]
[Round "11"]
[White "Tagnon, Nicole"]
[Black "Le Diouron, Aurelie"]
[Result "1-0"]
[WhiteElo "2071"]
[BlackElo "1870"]
[PlyCount "69"]
[EventDate "2003.10.??"]
[EventType "team-tourn"]
[EventRounds "11"]
[EventCountry "FRA"]
[SourceTitle "EXT 2005"]
[Source "ChessBase"]
[SourceDate "2004.11.15"]
[SourceVersion "1"]
[SourceVersionDate "2004.11.15"]
[SourceQuality "1"]

1. e4 c5 2. Nf3 e6 3. d4 cxd4 4. Nxd4 Nc6 5. Nc3 a6 6. Be2 Qc7 7. 0-0 Nf6 8. Kh1 Nxd4 9. Qxd4 Bc5 10. Qd3 h5 11. f4 d6 12. Qg3 Qe7 13. e5 Ng4 14. exd6 Bxd6 15. Ne4 Bc7 16. h3 Bb6 17. Bd2 Bd7 18. Qb3 Bc6 19. Bb4 Qh4 20. Nd6+ Kd7 21. Be1 Nf2+ 22. Bxf2 Bxf2 23. Nxf7 Bg3 24. Ne5+ Kc7 25. Nxc6 bxc6 26. Qxe6 Rae8 27. Qc4 Rhf8 28. Bf3 Rf6 29. Qxa6 Bxf4 30. Qa7+ Kc8 31. Rad1 Qg3 32. Qg1 Kc7 33. Bxh5 Rh6 34. Rxf4 Qxf4 35. Bxe8 1-0

[Event "Monarch Assurance 12th"]
[Site "Port Erin"]
[Date "2003.09.05"]
[Round "9"]
[White "Van Kemenade, Rudy"]
[Black "Tagnon, Nicole"]
[Result "1-0"]
[WhiteElo "2140"]
[BlackElo "2071"]
[PlyCount "69"]
[EventDate "2003.09.27"]
[EventType "swiss"]
[EventRounds "9"]
[EventCountry "IOM"]
[SourceTitle "CBM 096 Extra"]
[Source "ChessBase"]
[SourceDate "2003.10.22"]
[SourceVersion "2"]
[SourceVersionDate "2003.10.20"]
[SourceQuality "1"]

1. d4 Nf6 2. Nc3 d5 3. Bg5 Nbd7 4. Nf3 h6 5. Bf4 a6 6. e4 dxe4 7. Nd2 e6 8. Ncxe4 Nd5 9. Bg3 Be7 10. c4 N5f6 11. Qf3 Nxe4 12. Qxe4 Nf6 13. Qe3 0-0 14. Be2 Re8 15. 0-0 Bd6 16. Be5 Bd7 17. Bf3 Bc6 18. Bxc6 bxc6 19. Rad1 Qe7 20. Qf3 Bxe5 21. dxe5 Nd7 22. Rfe1 Nc5 23. b4 Na4 24. c5 Rab8 25. a3 Red8 26. Nc4 Rxd1 27. Rxd1 Qg5 28. Qxc6 Nc3 29. Re1 Nd5 30. h3 Qf4 31. Qxa6 Qd4 32. Na5 Qd2 33. Qe2 Qc3 34. Nc4 Ra8 35. Rd1 1-0

[Event "Monarch Assurance 12th"]
[Site "Port Erin"]
[Date "2003.09.01"]
[Round "5"]
[White "Moes, Waldemar"]
[Black "Tagnon, Nicole"]
[Result "1-0"]
[WhiteElo "2027"]
[BlackElo "2071"]
[PlyCount "71"]
[EventDate "2003.09.27"]
[EventType "swiss"]
[EventRounds "9"]
[EventCountry "IOM"]
[SourceTitle "CBM 096 Extra"]
[Source "ChessBase"]
[SourceDate "2003.10.22"]
[SourceVersion "2"]
[SourceVersionDate "2003.10.20"]
[SourceQuality "1"]

1. e4 c5 2. Nf3 e6 3. d4 cxd4 4. Nxd4 a6 5. Bd3 Nf6 6. Nc3 Qc7 7. 0-0 b5 8. a3 Bb7 9. Kh1 d6 10. f4 Nbd7 11. f5 e5 12. Nde2 Nb6 13. Bg5 Nc4 14. b3 Nxa3 15. Bxf6 gxf6 16. Rxa3 b4 17. Ra4 bxc3 18. Qa1 d5 19. exd5 Bxd5 20. Nxc3 Bc6 21. Be4 Bxe4 22. Nxe4 Qb6 23. Rc4 Be7 24. Qa4+ Kf8 25. Rc6 Qb5 26. c4 Qb7 27. Nxf6 Bxf6 28. Rxf6 Rg8 29. Qc6 Rb8 30. Qxb7 Rxb7 31. Rf3 a5 32. Ra6 Rd7 33. h3 Rd1+ 34. Kh2 Rd2 35. Ra8+ Kg7 36. Rg3+ 1-0

[Event "Agneaux St Lo (Women)"]
[Site "Agneaux"]
[Date "2003.07.10"]
[Round "2"]
[White "Mihajlovskij, Sergei"]
[Black "Tagnon, Nicole"]
[Result "1-0"]
[WhiteElo "2411"]
[BlackElo "2071"]
[PlyCount "101"]
[EventDate "2003.07.09"]
[EventType "tourn"]
[EventRounds "9"]
[EventCountry "FRA"]
[SourceTitle "CBM 095 Extra"]
[Source "ChessBase"]
[SourceDate "2003.09.04"]
[SourceVersion "1"]
[SourceVersionDate "2003.09.04"]
[SourceQuality "1"]

1. c4 b6 2. Nc3 c5 3. Nf3 Bb7 4. g3 Bxf3 5. exf3 Nc6 6. Bg2 g6 7. 0-0 Bg7 8. f4 Rc8 9. Qa4 Qc7 10. Rb1 e6 11. Nb5 Qb8 12. b4 cxb4 13. Bxc6 Rxc6 14. Rxb4 a5 15. Rb3 Ne7 16. Ba3 Nf5 17. d4 Nxd4 18. Nxd4 Bxd4 19. Rd1 Bc5 20. Bxc5 Rxc5 21. Qxd7+ Kf8 22. Qd4 Ke7 23. Rdb1 Qd8 24. Qe3 Qd7 25. Rxb6 Rhc8 26. Rb7 R8c7 27. Rb8 Rc8 28. R1b7 R5c7 29. Rxc8 Qxc8 30. Qc5+ Kd7 31. Rxc7+ Qxc7 32. Qxc7+ Kxc7 33. Kf1 Kc6 34. Ke2 Kc5 35. Kd3 f6 36. Kc3 e5 37. fxe5 fxe5 38. f4 e4 39. g4 a4 40. f5 gxf5 41. gxf5 Kd6 42. Kd4 e3 43. c5+ Kc6 44. Kxe3 Kxc5 45. Ke4 Kd6 46. a3 h6 47. Kd4 h5 48. h4 Ke7 49. Ke5 Kf7 50. f6 Kf8 51. Kf5 1-0

[Event "FRA-chT2W 0203"]
[Site "France"]
[Date "2003.04.06"]
[Round "11"]
[White "Tagnon, Nicole"]
[Black "Bergez, Luc"]
[Result "1/2-1/2"]
[WhiteElo "2039"]
[BlackElo "2363"]
[PlyCount "62"]
[EventDate "2002.10.??"]
[EventType "team-tourn"]
[EventRounds "11"]
[EventCountry "FRA"]
[SourceTitle "EXT 2004"]
[Source "ChessBase"]
[SourceDate "2003.11.25"]
[SourceVersion "1"]
[SourceVersionDate "2003.11.25"]
[SourceQuality "1"]
[WhiteTeam "Migne Auxances"]
[BlackTeam "Evry"]
[WhiteTeamCountry "FRA"]
[BlackTeamCountry "FRA"]

1. e4 c5 2. Nf3 d6 3. d4 cxd4 4. Nxd4 Nf6 5. Nc3 g6 6. Be3 Bg7 7. f3 0-0 8. Bc4 Nc6 9. Qd2 Bd7 10. h4 Qa5 11. g4 Rfc8 12. Bb3 Ne5 13. 0-0-0 Nc4 14. Bxc4 Rxc4 15. Nb3 Qa6 16. h5 Rxc3 17. bxc3 Bxg4 18. hxg6 Bxf3 19. gxf7+ Kxf7 20. Qf2 Bxd1 21. Kxd1 Kg8 22. Qf5 Qc6 23. Rh4 Rf8 24. Qe6+ Kh8 25. Nd4 Qxc3 26. Nf5 Ng8 27. Qg6 h6 28. Bxh6 Nxh6 29. Rxh6+ Bxh6 30. Qxh6+ Kg8 31. Qg6+ Kh8 1/2-1/2

[Event "FRA-chT2W 0203"]
[Site "France"]
[Date "2002.12.08"]
[Round "4"]
[White "Tagnon, Nicole"]
[Black "Perrot, Pierre"]
[Result "0-1"]
[WhiteElo "2064"]
[BlackElo "1830"]
[PlyCount "122"]
[EventDate "2002.10.??"]
[EventType "team-tourn"]
[EventRounds "11"]
[EventCountry "FRA"]
[SourceTitle "EXT 2004"]
[Source "ChessBase"]
[SourceDate "2003.11.25"]
[SourceVersion "1"]
[SourceVersionDate "2003.11.25"]
[SourceQuality "1"]
[WhiteTeam "Migne Auxances"]
[BlackTeam "Clermont Ferrand"]
[WhiteTeamCountry "FRA"]
[BlackTeamCountry "FRA"]

1. e4 e6 2. d4 d5 3. e5 c5 4. c3 Nc6 5. Nf3 Qb6 6. Bd3 Bd7 7. 0-0 cxd4 8. cxd4 Nxd4 9. Nxd4 Qxd4 10. Nc3 Qxe5 11. Qg4 Nf6 12. Qh3 a6 13. Bd2 Bc6 14. Rfe1 Qd4 15. Rad1 Qg4 16. Bf5 Qxh3 17. Bxh3 Bc5 18. Bg5 0-0 19. a3 a5 20. a4 b6 21. Be3 Rab8 22. Bf4 Rb7 23. Nb5 Bxb5 24. axb5 Ne4 25. Re2 Re8 26. g3 g5 27. Bc1 f5 28. Bg2 g4 29. Kf1 Rbb8 30. Bf4 Rbd8 31. f3 Nd6 32. Bg5 Rc8 33. h3 h5 34. Bd2 Nxb5 35. Rde1 Nd4 36. Re3 gxf3 37. Bxf3 Nxf3 38. Rxf3 Bd4 39. Bc3 Bxc3 40. bxc3 Rc4 41. Rb1 Rb8 42. Ke2 Kf7 43. Kd3 Kf6 44. Rb5 a4 45. Rf2 Rg8 46. Rf3 Rb8 47. Rf2 Rc5 48. Rb4 b5 49. Rfb2 Rg8 50. Rg2 e5 51. Rh4 e4+ 52. Kd2 d4 53. cxd4 Rd8 54. Ke3 Rc3+ 55. Kf2 Rxd4 56. Rxh5 Rd2+ 57. Kg1 Rxg2+ 58. Kxg2 a3 59. Rh6+ Ke5 60. Ra6 Rc2+ 61. Kf1 a2 0-1

[Event "Groningen Harmonie op-A"]
[Site "Groningen"]
[Date "2002.??.??"]
[Round "2.34"]
[White "Mostertman, Johan"]
[Black "Tagnon, Nicole"]
[Result "1-0"]
[WhiteElo "1874"]
[BlackElo "2064"]
[PlyCount "43"]
[EventDate "2002.12.21"]
[EventType "swiss"]
[EventRounds "9"]
[EventCountry "NED"]
[SourceTitle "EXT 2004"]
[Source "ChessBase"]
[SourceDate "2003.11.25"]
[SourceVersion "1"]
[SourceVersionDate "2003.11.25"]
[SourceQuality "1"]

1. e4 c5 2. Nf3 e6 3. Nc3 Nc6 4. d4 cxd4 5. Nxd4 Qc7 6. Nxc6 bxc6 7. Bd3 d5 8. exd5 cxd5 9. Nb5 Qb8 10. 0-0 Bd7 11. a4 a6 12. Nd4 Bd6 13. g3 Nf6 14. b3 0-0 15. Bb2 Qc8 16. Nf3 Qc7 17. Re1 Bc6 18. Qe2 Bb7 19. Ng5 h6 20. Bxf6 hxg5 21. Qh5 Rfc8 22. Qh7+ 1-0

[Event "Groningen Harmonie op-A"]
[Site "Groningen"]
[Date "2002.??.??"]
[Round "1.5"]
[White "Tagnon, Nicole"]
[Black "Zhao, Jun"]
[Result "0-1"]
[WhiteElo "2064"]
[BlackElo "2374"]
[PlyCount "46"]
[EventDate "2002.12.21"]
[EventType "swiss"]
[EventRounds "9"]
[EventCountry "NED"]
[SourceTitle "EXT 2004"]
[Source "ChessBase"]
[SourceDate "2003.11.25"]
[SourceVersion "1"]
[SourceVersionDate "2003.11.25"]
[SourceQuality "1"]

1. e4 c5 2. Nf3 d6 3. d4 Nf6 4. Nc3 cxd4 5. Nxd4 a6 6. Be2 e5 7. Nb3 Be7 8. g4 h6 9. Be3 Be6 10. Rg1 Nc6 11. Qd2 a5 12. a4 Nb4 13. f4 Rc8 14. Bb5+ Kf8 15. Qg2 Nxg4 16. Bc1 Qb6 17. Nd5 Nxd5 18. exd5 Rxc2 19. Be2 Bh4+ 20. Kd1 Nf2+ 21. Kxc2 Bf5+ 22. Bd3 Bxd3+ 23. Kd2 Qb4+ 0-1

[Event "St Chely d'Aubrac op 1st"]
[Site "St Chely d'Aubrac"]
[Date "2001.08.27"]
[Round "2"]
[White "Tagnon, Nicole"]
[Black "Verat, Laurent"]
[Result "0-1"]
[WhiteElo "2058"]
[BlackElo "2319"]
[PlyCount "126"]
[EventDate "2001.08.26"]
[EventType "swiss"]
[EventRounds "9"]
[EventCountry "FRA"]
[SourceTitle "EXT 2002"]
[Source "ChessBase"]
[SourceDate "2001.11.25"]
[SourceVersion "1"]
[SourceVersionDate "2001.11.25"]
[SourceQuality "1"]

1. e4 c6 2. d4 d5 3. e5 Bf5 4. Nc3 e6 5. g4 Bg6 6. Nge2 f6 7. h4 fxe5 8. dxe5 Nd7 9. f4 Be7 10. g5 Bc5 11. Bh3 Bf7 12. Ng3 Qb6 13. Qd2 Qa6 14. Nce2 Ne7 15. Nd4 Bxd4 16. Qxd4 c5 17. Qf2 0-0-0 18. Bd2 Nc6 19. Bf1 Qa4 20. b3 Qd4 21. c3 Qxf2+ 22. Kxf2 h5 23. Bd3 Nf8 24. Rae1 Bg6 25. Bf1 Ne7 26. Bh3 Kd7 27. Rh2 Nf5 28. Nxf5 Bxf5 29. Bxf5 exf5 30. Be3 Ne6 31. Rd1 Kc6 32. Kf3 b6 33. Rhd2 Rd7 34. Bf2 g6 35. Rd3 Rhd8 36. R3d2 a6 37. Rd3 b5 38. R3d2 a5 39. a3 Ra8 40. c4 Rad8 41. cxd5+ Rxd5 42. Rxd5 Rxd5 43. Rxd5 Kxd5 44. Be3 c4 45. bxc4+ Kxc4 46. Ke2 Kb3 47. Bc1 Kc2 48. Bd2 Kb2 49. Bxa5 Kxa3 50. Bd2 b4 51. Bc1+ Ka2 52. Kd3 b3 53. Kc4 b2 54. Bxb2 Kxb2 55. Kd5 Nxf4+ 56. Kd6 Kc3 57. Ke7 Kd4 58. Kf6 Kd5 59. e6 Nxe6 60. Kxg6 f4 61. Kxh5 f3 62. g6 f2 63. Kh6 f1Q 0-1

[Event "Dieren op"]
[Site "Dieren"]
[Date "2000.07.22"]
[Round "5"]
[White "Vedder, Richard"]
[Black "Tagnon, Nicole"]
[Result "1-0"]
[WhiteElo "2218"]
[BlackElo "2083"]
[PlyCount "51"]
[EventDate "2000.07.18"]
[EventType "swiss"]
[EventRounds "9"]
[EventCountry "NED"]
[SourceTitle "CBM 077 Extra"]
[Source "ChessBase"]
[SourceDate "2000.09.14"]
[SourceVersion "1"]
[SourceVersionDate "2000.09.14"]
[SourceQuality "1"]

1. e4 c5 2. Nf3 a6 3. b3 e6 4. Bb2 Nf6 5. e5 Nd5 6. c4 Ne7 7. Nc3 Nf5 8. Bd3 Nh4 9. 0-0 Nc6 10. Ne4 b6 11. Nxh4 Qxh4 12. f4 Bb7 13. g3 Qh3 14. Nf2 Qh6 15. Be4 Nd8 16. Bxb7 Nxb7 17. Qf3 0-0-0 18. b4 d5 19. bxc5 Nxc5 20. d4 Na4 21. Qb3 Nxb2 22. Qxb6 Kd7 23. Qxb2 Rc8 24. cxd5 exd5 25. Qb7+ Rc7 26. Qxd5+ 1-0

[Event "Dieren op"]
[Site "Dieren"]
[Date "2000.07.21"]
[Round "4"]
[White "Garner, David"]
[Black "Tagnon, Nicole"]
[Result "1-0"]
[WhiteElo "2159"]
[BlackElo "2083"]
[PlyCount "63"]
[EventDate "2000.07.18"]
[EventType "swiss"]
[EventRounds "9"]
[EventCountry "NED"]
[SourceTitle "CBM 077 Extra"]
[Source "ChessBase"]
[SourceDate "2000.09.14"]
[SourceVersion "1"]
[SourceVersionDate "2000.09.14"]
[SourceQuality "1"]

1. e4 c5 2. c3 b6 3. d4 Bb7 4. Bd3 cxd4 5. cxd4 Nc6 6. Nf3 Nb4 7. Nc3 Nxd3+ 8. Qxd3 Qc8 9. Bf4 d6 10. Rc1 Qg4 11. Nd5 Rc8 12. 0-0 Nf6 13. Rxc8+ Bxc8 14. Rc1 Nxd5 15. Qb5+ Kd8 16. Qxd5 Qxf4 17. Qc4 Ba6 18. Qc7+ Ke8 19. Qc6+ Kd8 20. Qc7+ Ke8 21. Qc6+ Kd8 22. Rc3 e6 23. Qa8+ Ke7 24. e5 dxe5 25. Qxa7+ Kf6 26. dxe5+ Kg6 27. Qxa6 Bc5 28. Rc4 Ra8 29. Qb5 Qh6 30. Rg4+ Kf5 31. Qd3+ Kxg4 32. h3+ 1-0

[Event "Utrecht OKU op-A"]
[Site "Utrecht"]
[Date "2000.05.21"]
[Round "5"]
[White "Tagnon, Nicole"]
[Black "Dijksterhuis, Rolf"]
[Result "1-0"]
[WhiteElo "2079"]
[BlackElo "2145"]
[PlyCount "81"]
[EventDate "2000.05.??"]
[EventType "swiss"]
[EventRounds "6"]
[EventCountry "NED"]
[SourceTitle "EXT 2002"]
[Source "ChessBase"]
[SourceDate "2001.11.25"]
[SourceVersion "1"]
[SourceVersionDate "2001.11.25"]
[SourceQuality "1"]

1. e4 c5 2. Nf3 Nc6 3. d4 cxd4 4. Nxd4 e5 5. Nb5 a6 6. Nd6+ Bxd6 7. Qxd6 Qf6 8. Qa3 Qg6 9. f3 Nge7 10. Nc3 0-0 11. Be3 d5 12. exd5 Nd4 13. Bd3 Qxg2 14. 0-0-0 Qxf3 15. Qxe7 Qxe3+ 16. Kb1 Bf5 17. Rhe1 Qh6 18. Qxe5 Bxd3 19. Rxd3 Nb5 20. Nxb5 axb5 21. d6 Qe6 22. Qxe6 fxe6 23. Rde3 Rf6 24. Rxe6 Rxe6 25. Rxe6 Rd8 26. b3 Kf7 27. Re7+ Kf6 28. Rxb7 Rxd6 29. Rxb5 g5 30. a4 Rd1+ 31. Kb2 Rh1 32. Rb6+ Kf5 33. Rh6 g4 34. Rxh7 g3 35. Rg7 gxh2 36. Rh7 Kg4 37. a5 Kg3 38. a6 Rf1 39. a7 Rf8 40. b4 Kg2 41. b5 1-0

[Event "Utrecht OKU op-A"]
[Site "Utrecht"]
[Date "2000.05.20"]
[Round "3"]
[White "Tagnon, Nicole"]
[Black "Vedder, Richard"]
[Result "0-1"]
[WhiteElo "2079"]
[BlackElo "2222"]
[PlyCount "70"]
[EventDate "2000.05.??"]
[EventType "swiss"]
[EventRounds "6"]
[EventCountry "NED"]
[SourceTitle "EXT 2002"]
[Source "ChessBase"]
[SourceDate "2001.11.25"]
[SourceVersion "1"]
[SourceVersionDate "2001.11.25"]
[SourceQuality "1"]

1. e4 d6 2. d4 Nf6 3. Nc3 g6 4. Be2 Bg7 5. h4 Nc6 6. h5 gxh5 7. Nh3 e5 8. dxe5 Nxe5 9. Nf4 h4 10. f3 Ng6 11. Ncd5 Nxd5 12. Nh5 Ndf4 13. Nxg7+ Kf8 14. Nf5 Qg5 15. Ne3 Nxg2+ 16. Nxg2 Qxg2 17. Bh6+ Ke8 18. Kd2 Be6 19. Qf1 Qxf1 20. Raxf1 f5 21. f4 Ne7 22. Rxh4 fxe4 23. Bg7 Rg8 24. Rxh7 Bf5 25. Rh8 Kd7 26. Rxg8 Rxg8 27. Rg1 c5 28. Rg5 d5 29. c3 a6 30. Bh5 Be6 31. Be5 Rxg5 32. fxg5 Bf5 33. Bf7 Bg6 34. Bxg6 Nxg6 35. Ke3 Nxe5 0-1